| 000 | 00943nam a22003017a 4500 | ||
|---|---|---|---|
| 003 | CHAP | ||
| 005 | 20220329135648.0 | ||
| 008 | 971013s1991 r 00010 d | ||
| 010 | _a40130 | ||
| 011 | _a41102 | ||
| 035 | _a45228 | ||
| 040 | _cCHAP | ||
| 082 |
_a581.634 _bJ3 |
||
| 100 | 0 | 0 |
_aJain, S. K. _960942 |
| 245 | _aDictionary of indian folk medicine and ethnobotany | ||
| 260 |
_aNew Delhi : _bDeep Publications, _c1991 |
||
| 300 |
_a311 p. _b: ilus. ; láms. |
||
| 590 |
_aBATCH-UPD _b10 _c20130110 _lUCH01 _h1005 |
||
| 590 |
_aBATCH-UPD _b10 _c20130410 _lUCH01 _h0615 |
||
| 590 |
_aBATCH-UPD _b10 _c20130914 _lUCH01 _h0731 |
||
| 590 |
_aCONVERSION _b10 _c20130109 _lUCH01 _h1322 |
||
| 650 | 1 | 4 |
_aBotánica médica _xDiccionarios. _914683 |
| 650 | 1 | 4 |
_aBotánica _xIndia. _914559 |
| 650 | 1 | 4 |
_aEtnobotánica. _938611 |
| 901 | _aBK | ||
| 942 | _cLIBRO | ||
| 949 |
_a581.634 J3 _bBC _cC _d33724000923777 _eC _gI.179172 _h88220 _i45228 _si _t208.69 |
||
| 999 |
_c40130 _d40130 |
||